| 000 | 00351nam a22001337a 4500 | ||
|---|---|---|---|
| 020 | _a0-89838-271-8 | ||
| 082 | _a652.8 TIL'I | ||
| 100 |
_aTILBORG, HENK C. A. VAN _980706 |
||
| 245 | _aAN INTRODUCTION TO CRYPTORGRAPHY | ||
| 260 |
_aBOSTON _bKLUWER _c1988 |
||
| 300 | _a170P | ||
| 650 |
_aCRYPTOLOGY CRYPTOGRAPHY DATA PROCESSING _980707 |
||
| 942 | _cBK | ||
| 999 |
_c585599 _d585599 |
||